000 00559nam a2200181Ia 4500
003 GCL
008 140319s9999 xx 000 0 ara d
040 _aGCL /
_cGCL
082 0 4 _a913.3
_bع ر
100 1 _aعبدالحكيم عبداللطيف الصعيدى
245 1 0 _aالرصلة فى الاسلام: انواعها وادابها /
_cعبدالحكيم عبداللطيف الصعيدى
300 _a115
490 _a100 قصة
_v0
650 0 4 _aالاسلام
650 0 4 _aالرحلات
650 0 4 _aوصف ورحلات
942 _2ddc
_cBK
999 _c43925
_d43925